| 000 | 00678nam a2200229Ii 4500 | ||
|---|---|---|---|
| 003 | JO-AjNU | ||
| 008 | 230605s9999||||xx |||||||||||||| ||und|| | ||
| 017 | _a2007/9193 | ||
| 020 | _a977-9193 | ||
| 040 |
_aJO-AjNU _bara _erda _cJO-AjNU |
||
| 041 | _aara | ||
| 050 | 1 | 4 | _aTS156 2008 |
| 100 | 3 |
_aسيفر،مات, _eauthor _927509 |
|
| 245 | 0 | 0 | _aالمرجع العالمي لادارة الجودة |
| 250 | _aط العربية | ||
| 264 | 3 | 1 | _aعمان:دار الفاروق للنشر،2008 |
| 300 | _a898ص | ||
| 336 |
_atext _btxt _2rdacontent |
||
| 337 |
_aunmediated _bn _2rdamedia |
||
| 338 |
_avolume _bnc _2rdacarrier |
||
| 650 | 4 |
_aضبط الجودة _927510 |
|
| 999 |
_aA10559 _c14127 _d14127 |
||